[Event "AUTO-ADV-2294"]
[Site "http://www.queenalice.com/game.php?id=990840"]
[Date "2011.9.27"]
[Round "1"]
[White "Fariajj"]
[Black "SamuraiX13"]
[Result "1-0"]
[WhiteElo "1907"]
[BlackElo "1763"]

1. d4 b6 2. Nf3 h6 3. e4 e6 4. c4 Qe7 5. Nc3 Bb7 6. d5 exd5 7. cxd5 g5 8. g3 a6
9. Bg2 b5 10. O-O Bg7 11. e5 Kf8 12. d6 cxd6 13. exd6 Qf6 14. Nd5 Bxd5 15. Qxd5
Nc6 16. Rd1 h5 17. Nxg5 Nh6 18. Ne4 Qe5 19. Nc5 Qxd5 20. Rxd5 Ng4 21. Nxd7+ Kg8
22. Rg5 Nd4 23. Bxa8 Nc2 24. Rb1 Rh6 25. Be4 Rxd6 26. Bxc2 Rxd7 27. Rxh5 Rc7 28.
Bh7+ Kf8 29. Be4 Nf6 30. Rh4 Rc4 31. Bg2 Rc2 32. Bh6 Nd7 33. Bxg7+ Kxg7 34. a4
Ne5 35. Rh7+ Kg8 36. Rh5 Nc4 37. axb5 axb5 38. Rxb5 Kg7 39. Rc5 f5 40. Bd5 Nd2
41. Rxc2 Nxb1 42. b4 Na3 43. Rc5 Kf6 44. Ra5 Nc2 45. b5 Ke5 46. Bg2 f4 47. b6+
Kd4 48. b7 fxg3 49. b8=Q gxf2+ 50. Kxf2 Ne3 51. Qe5+ Kd3 52. Qxe3+ Kc2 53. Rc5+
Kd1 54. Bf3# 1-0

[Event "AUTO-ADV-2189"]
[Site "http://www.queenalice.com/game.php?id=1008797"]
[Date "2011.11.15"]
[Round "2"]
[White "SamuraiX13"]
[Black "thw"]
[Result "0-1"]
[WhiteElo "1747"]
[BlackElo "1876"]

1. e4 e6 2. d4 d5 3. exd5 exd5 4. Nc3 Nf6 5. Qe2+ Be6 6. f4 Be7 7. Nh3 Bxh3 8.
gxh3 O-O 9. Bg2 c6 10. Bd2 Bb4 11. Rf1 Bxc3 12. Bxc3 Re8 13. Qxe8+ Qxe8+ 14. Kf2
Ne4+ 15. Bxe4 dxe4 16. Rae1 f5 17. Ke3 Nd7 18. d5 cxd5 19. Re2 Qg6 20. Rff2 Rd8
21. Rg2 Qh6 22. Rxg7+ Kf8 23. Rg3 Nb6 24. b3 Rc8 25. Bb4+ Kf7 26. Rd2 Qc6 27.
Rdg2 Qg6 28. Rxg6 hxg6 29. h4 Nd7 30. h5 gxh5 31. Rg5 Kf6 32. Rxh5 Rxc2 33. Kd4
Rxa2 34. Kxd5 a5 35. Bc3+ Kg6 36. Rh3 Rf2 37. Ke6 Nc5+ 38. Ke7 Rxf4 39. Bxa5 Rf3
40. Rh8 Kg5 41. Bd8 Kf4 42. b4 Nd3 43. Ke6 Ke3 44. Be7 Kf2 45. h4 e3 46. Ra8 e2
47. Ra2 Kf1 48. b5 e1=Q+ 49. Kd7 Ne5+ 50. Kc8 Ng6 51. Bg5 Qe6+ 52. Kb8 Qxa2 53.
h5 Qg8+ 54. Kxb7 Qd5+ 55. Kb6 Ne5 56. Ka5 Ra3+ 57. Kb4 Rb3+ 58. Ka5 Qxb5# 0-1

[Event "AUTO-ADV-2189"]
[Site "http://www.queenalice.com/game.php?id=1008798"]
[Date "2011.11.15"]
[Round "2"]
[White "thw"]
[Black "SamuraiX13"]
[Result "1/2-1/2"]
[WhiteElo "1897"]
[BlackElo "1774"]

1. e4 g6 2. d4 d6 3. Nf3 e6 4. Be3 Nf6 5. Bd3 d5 6. e5 Ne4 7. Bxe4 dxe4 8. Ng5
Be7 9. Nxe4 b6 10. c3 Bb7 11. Qc2 f5 12. exf6 Bxf6 13. Nxf6+ Qxf6 14. Nd2 Bxg2
15. Rg1 Bh3 16. O-O-O Nd7 17. Qe4 O-O 18. Rg3 Bf5 19. Qc6 e5 20. Qxf6 Rxf6 21.
dxe5 Nxe5 22. Bd4 Re8 23. f4 Nd3+ 24. Rxd3 Bxd3 25. Bxf6 Re2 26. h4 Rf2 27. Be5
c5 28. Nb3 c4 29. Nd4 b5 30. Nxb5 Rc2+ 31. Kb1 Rd2+ 32. Kc1 Rc2+ 33. Kb1 Rd2+
34. Kc1 Rc2+ 1/2-1/2

[Event "AUTO-ADV-2430"]
[Site "http://www.queenalice.com/game.php?id=1035631"]
[Date "2012.3.4"]
[Round "1"]
[White "Blutigeroo"]
[Black "SamuraiX13"]
[Result "1-0"]
[WhiteElo "1770"]
[BlackElo "1687"]

1. c4 c5 2. Nc3 e6 3. e4 Nc6 4. g3 Qf6 5. Bg2 Nh6 6. Nf3 Bd6 7. O-O O-O 8. d3
Ng4 9. Bg5 Qg6 10. Qd2 b6 11. Nh4 Qh5 12. Bf3 f6 13. Be3 g5 14. Bxg4 Qxg4 15.
Ng2 Ne5 16. Qd1 Nf3+ 17. Kh1 Bxg3 18. fxg3 Nxh2 19. Kxh2 Qxd1 20. Raxd1 d6 21.
Rf2 h6 22. Rdf1 Kg7 23. Nb5 Rf7 24. Nxd6 1-0

[Event "AUTO-ADV-2430"]
[Site "http://www.queenalice.com/game.php?id=1035632"]
[Date "2012.3.4"]
[Round "1"]
[White "SamuraiX13"]
[Black "Blutigeroo"]
[Result "0-1"]
[WhiteElo "1674"]
[BlackElo "1783"]

1. b3 e6 2. e4 d5 3. Bd3 Be7 4. exd5 Qxd5 5. Nf3 Nf6 6. Nc3 Qd8 7. Bb2 O-O 8.
Qe2 b6 9. Ne5 Bb7 10. O-O c5 11. f3 Nbd7 12. Ne4 Nxe5 13. Bxe5 Rc8 14. Rae1 Nd7
15. Bg3 e5 16. c4 f5 17. Nc3 f4 18. Bf2 Nf6 19. Bc2 Qc7 20. d3 Rfd8 21. Rd1 Rd7
22. Nb5 Qb8 23. Rfe1 a6 0-1

[Event "AUTO-ADV-2430"]
[Site "http://www.queenalice.com/game.php?id=1035645"]
[Date "2012.3.4"]
[Round "1"]
[White "ThiagoTanaka"]
[Black "SamuraiX13"]
[Result "0-1"]
[WhiteElo "1807"]
[BlackElo "1662"]

1. d4 e6 2. e4 Qe7 3. Bf4 d5 4. e5 Bd7 5. Nf3 h6 6. Bd3 Nc6 7. O-O g5 8. Be3 g4
9. Nfd2 g3 10. hxg3 h5 11. Nf3 Bh6 12. Bxh6 Rxh6 13. Nbd2 f6 14. Re1 f5 15. c3
O-O-O 16. Nb3 f4 17. gxf4 Rf8 18. g3 Qg7 19. Ng5 h4 20. Kg2 hxg3 21. fxg3 Nge7
22. Rh1 Nf5 23. Rxh6 Ne3+ 0-1

[Event "AUTO-ADV-2430"]
[Site "http://www.queenalice.com/game.php?id=1035646"]
[Date "2012.3.4"]
[Round "1"]
[White "SamuraiX13"]
[Black "ThiagoTanaka"]
[Result "1/2-1/2"]
[WhiteElo "1706"]
[BlackElo "1851"]

1. g3 d5 2. e3 c6 3. d4 Nf6 4. Bg2 Bg4 5. f3 Bf5 6. Nc3 e6 7. Nge2 Bd6 8. h4 h6
9. g4 Bh7 10. b3 O-O 11. g5 hxg5 12. h5 Nbd7 13. h6 gxh6 14. Rxh6 Kg7 15. Rh3
Bf5 16. Rh1 Rh8 17. Kd2 Qa5 18. a4 Rxh1 19. Bxh1 Rh8 20. Qg1 Nh7 21. Ba3 Bxa3
22. Rxa3 Qb4 23. Ra2 Nhf6 24. Qxg5+ Bg6 25. Bg2 Rh5 26. Qg3 c5 27. Nf4 Rh6 28.
Ne2 c4 29. bxc4 Qxc4 30. Rb2 b6 31. Kc1 Nh5 32. Qg4 Nhf6 33. Qg3 Nh5 34. Qg4
Nhf6 1/2-1/2

[Event "AUTO-OPEN-2626"]
[Site "http://www.queenalice.com/game.php?id=1035957"]
[Date "2012.3.4"]
[Round "1"]
[White "SamuraiX13"]
[Black "Rubens2009"]
[Result "0-1"]
[WhiteElo "1691"]
[BlackElo "1959"]

1. b3 d5 2. Bb2 d4 3. Nf3 c5 4. e4 dxe3 5. fxe3 e6 6. Na3 f6 7. c4 Nh6 8. Be2
Be7 9. d4 O-O 10. Nb5 a6 11. Nc3 Nc6 12. Ba3 Qa5 13. Qc1 cxd4 14. Nxd4 Bxa3 15.
Nxc6 bxc6 16. Qc2 Bb4 17. Rc1 Nf5 18. Kf2 Qe5 0-1

[Event "AUTO-OPEN-2626"]
[Site "http://www.queenalice.com/game.php?id=1035958"]
[Date "2012.3.4"]
[Round "1"]
[White "Rubens2009"]
[Black "SamuraiX13"]
[Result "1-0"]
[WhiteElo "1953"]
[BlackElo "1697"]

1. e4 d6 2. d4 e6 3. Nf3 h6 4. Bd3 b6 5. Nc3 Ne7 6. Be3 g5 7. h3 Bg7 8. e5 dxe5
9. dxe5 Nbc6 10. Bb5 Bb7 11. O-O Bxe5 12. Nxe5 O-O 13. Nxc6 Bxc6 14. Qe2 a6 15.
Bxc6 Nxc6 16. Qh5 Qf6 17. f4 Nb4 18. fxg5 Qe5 19. Bf4 1-0

[Event "Challenge"]
[Site "http://www.queenalice.com/game.php?id=1065366"]
[Date "2012.5.29"]
[Round "-"]
[White "SamuraiX13"]
[Black "plot24"]
[Result "1-0"]
[WhiteElo "1684"]
[BlackElo "1843"]

1. e3 d5 2. d4 Nf6 3. c3 Bf5 4. Nd2 e6 5. Ndf3 c5 6. Bd3 Bd6 7. Bxf5 exf5 8.
dxc5 Bxc5 9. Nh3 Qb6 10. b4 Bd6 11. Bb2 Nc6 12. a3 O-O 13. c4 dxc4 14. Bxf6 gxf6
15. Qxd6 1-0

[Event "Challenge"]
[Site "http://www.queenalice.com/game.php?id=1079866"]
[Date "2012.7.6"]
[Round "-"]
[White "porai"]
[Black "SamuraiX13"]
[Result "1-0"]
[WhiteElo "1973"]
[BlackElo "1712"]

1. e4 d6 2. d4 e6 3. c4 d5 4. cxd5 exd5 5. e5 Qe7 6. Nf3 a6 7. Bd3 Nc6 8. O-O
Bg4 9. Qb3 Rd8 10. Qxb7 Nb8 11. Bg5 f6 12. exf6 Nxf6 13. Re1 Be6 14. Bf5 Bxf5
15. Rxe7+ Bxe7 16. Nc3 O-O 17. Ne5 h6 18. Bxf6 Bxf6 19. Nxd5 Bxe5 20. dxe5 Be4
21. Nf6+ Rxf6 22. Qxe4 Re8 23. Qc4+ Rfe6 24. f4 Re7 25. f5 c5 26. fxe6 Kh7 27.
Rf1 Nc6 28. Qe4+ Kg8 29. Qxc6 Kh7 30. Qd7 1-0

[Event "Challenge"]
[Site "http://www.queenalice.com/game.php?id=1079867"]
[Date "2012.7.6"]
[Round "-"]
[White "SamuraiX13"]
[Black "porai"]
[Result "0-1"]
[WhiteElo "1699"]
[BlackElo "1984"]

1. g3 d5 2. e3 c5 3. c3 Nc6 4. Nf3 Nf6 5. Na3 a6 6. Bg2 Bg4 7. O-O e5 8. Qe2 e4
9. Nc2 exf3 10. Bxf3 Bxf3 11. Qxf3 Be7 12. d4 c4 13. Bd2 O-O 14. b4 b5 15. Rfe1
Ne4 16. Bc1 Nxc3 17. e4 Nxe4 18. a4 Qd7 19. axb5 axb5 20. Bb2 Nxb4 21. Ne3 Nd3
22. Rxa8 Rxa8 23. Re2 b4 24. Nxc4 Ndxf2 25. Rxf2 Nxf2 26. Kxf2 Ra2 27. Qb3 Qf5+
28. Kg2 Qe4+ 29. Kh3 g5 30. Ne5 Ra6 31. Qf3 Rh6+ 32. Kg2 Qc2+ 33. Qf2 Rxh2+ 34.
Kxh2 Qxf2+ 35. Kh3 Qxb2 36. g4 f6 37. Nd7 Qc3+ 38. Kg2 b3 39. Nxf6+ Bxf6 0-1